000 00388cam a22001217a 4500
008 180718b1990 xxu||||| |||| 00| 0 eng d
082 _aA81x54 In2/81/25/PT12
100 _aCensus of India 1981
245 _aArunachal Pradesh: census atlas
260 _aDelhi
_bController of Publications
_c1990
300 _a242+p.
440 _aCensus of India 1981. Series-25, Arunachal Pradesh. Part XII
999 _c482590
_d482590